000 00551nam a2200181Ia 4500
003 OSt
005 20200323100840.0
008 190216s9999||||xx |||||||||||||| ||und||
020 _a9781851682041
040 _coclc
082 _a297.09
_bRAH/S
100 _aRahman, Fazlur
_92147
245 0 _aA Study Of Islamic Fundamentalism Revival And Reform In Islam /
_cFazlur Rahman
260 _bOneworld Oxford,
_c2006.
_aEngland:
300 _a226p
650 _aIslamic History
942 _cBK
_2ddc
_h297.09
_iRAH/S
_k297.09
_mRAH/S
999 _c22791
_d22791